Κατάλογος Βιβλιοθηκών Mediterranean College

The Person / An Introduction to Personality Phychology (Record no. 273)

MARC details
000 -LEADER
fixed length control field 01391cam a22002054a 4500
005 - ΗΜΕΡΟΜΗΝΙΑ ΚΑΙ ΩΡΑ ΤΕΛΕΥΤΑΙΑΣ ΕΝΗΜΕΡΩΣΗΣ
Πεδίο ελέγχου 20250605163930.0
008 - FIXED-LENGTH DATA ELEMENTS--GENERAL INFORMATION
Πεδίο ελέγχου σταθερού μήκους 250528s ||||||||||||||||||||||||d
035 ## - SYSTEM CONTROL NUMBER
System control number 14649
020 ## - ISBN
ISBN 155012746
040 ## - ΠΗΓΗ ΚΑΤΑΛΟΓΟΓΡΑΦΗΣΗΣ
Φορέας πρωτότυπης καταλογογράφησης MC Athens Campus Library
Γλώσσα καταλογογράφησης Ελληνικά, Μοντέρνα (1453-)
Modifying agency MC Athens Campus Library
Κανόνες περιγραφικής καταλογογράφησης AACR2
245 1# - ΤΙΤΛΟΣ ΚΑΙ ΔΗΛΩΣΗ ΥΠΕΥΘΥΝΟΤΗΤΑΣ
Τίτλος The Person / An Introduction to Personality Phychology
250 ## - EDITION STATEMENT
Edition statement 2nd
260 ## - PUBLICATION, DISTRIBUTION, ETC.
Name of publisher, distributor, etc. Harcourt Brace College Publishers,
Date of publication, distribution, etc. 1994
300 ## - PHYSICAL DESCRIPTION
Extent 868
520 ## - SUMMARY, ETC.
Summary, etc. Preface, Introduction, Studying the Person, Intrapsychic Mysteries, Unconscious Determinants in the Person's Life, Psychoanalytic Tradition, Discovery and Proof in Psychoanalysis, Evolution and Human Nature, Interaction Episodes, The Person and the Situation and the Prediction of Behavior, Personality Traits, Social Learning and the Social Situation, The Interaction of Person and Environment, Interpretive Structures, The Person's Strategies for Understanding Behavior, Humanistic Themes, Meaning and Self-Determination, Cognitive Approaches to the Person, The Self as Knower and Known, Interpersonal Stories, Narrative Patterns in Human Lives, Biography and the Life Course, Erikson and Adler and the Seasons of Adulthood, Life Scripts and Life Stories, Perspectives on the Person, Glossary, References, Name and Subject Index, Photo Credits, Cpyrights and Acknowledgements.
700 1# - ΠΡΟΣΘΕΤΗ ΑΝΑΓΡΑΦΗ--ΦΥΣΙΚΟ ΠΡΟΣΩΠΟ
Personal name Mcadams Dan P
9 (RLIN) 382
942 ## - ADDED ENTRY ELEMENTS (KOHA)
Koha item type Books
Holdings
Τύπος τεκμηρίου Βιβλιοθήκη Τρέχουσα τοποθεσία Barcode Αριθμός εισαγωγής Ημερομηνία απόκτησης Ταξιθετικό σύμβολο Αριθμός αντιτύπου Κατάσταση απόσυρσης Κατάσταση χαμένου Κατάσταση κατεστραμμένου Μη δανεισμός Σύνολο δανεισμών Ημερομηνία τελευταίας εμφάνισης Η τιμή ισχύει από
Books MC Athens Campus Library MC Athens Campus Library 9780000002723 324 05/06/2025 155.2 MCA 2           05/06/2025 05/06/2025

MC Athens Campus Library
Πατησίων 94 & Κοδριγκτώνος 13, 104 34
Πελλήνης 8 & Πατησίων 107, 112 51
Τ: +30 210 8899600

MC Thessaloniki Campus Library
Ίωνος Δραγούμη 21, 54625 | Ίωνος Δραγούμη 15, 54625
Τ: +30 2310 287779 – Τ: +30 2314 440300